| 000 | 01039nam a2200349Ia 4500 | ||
|---|---|---|---|
| 003 | OSt | ||
| 005 | 20220912144634.0 | ||
| 006 | a|||||r|||| 00| 0 | ||
| 007 | ta | ||
| 008 | 220909b |||||||| |||| 00| 0 eng d | ||
| 020 | _a9781848726031 (hbk) | ||
| 020 | _aSL01562239 | ||
| 024 | _a191323 | ||
| 037 | _b1401, 15/09/2014, Total Books India | ||
| 037 | _cTextual | ||
| 040 |
_aCSL _beng _cCSL |
||
| 041 | _aeng | ||
| 082 | _aB28, Q4 TB | ||
| 100 | _aNussbaum E Michael | ||
| 245 | 0 | _aCategorical and nanparametric data analysis: Choosing the best statistical technique | |
| 260 |
_aNew York _bRoutledge _c2015 |
||
| 300 | _axviii, 505p. | ||
| 500 | _aIndex 497-505p. | ||
| 650 | _a Hypothesis testing | ||
| 650 | _a Linear regression | ||
| 650 | _a Nonparametric tests | ||
| 650 | _a Statistical technique | ||
| 650 | _aStatistics | ||
| 700 | _aNussbaum E Michael | ||
| 942 |
_hB28, Q4 TB _cTEXL _2CC |
||
| 999 |
_c14354 _d14354 |
||